Oceňování podniků: Co by ste měli vědět než...
Dôležitou otázkou pri veľkej privatizácii je otázka oceňovania podnikov. Pri využívaní služieb firiem z tejto oblasti je dôležité venovať pozornosť nasledovným tézam: Zmysel má len "strategické ocenenie podniku", hodnota podniku sa skladá z troch častí: základná hodnota, hodnota po rekonštrukcii a h...
Na minha lista:
| Autor principal: | |
|---|---|
| Formato: | Capítulo de Livro |
| Idioma: | tcheco |
| Assuntos: | |
| Tags: |
Sem tags, seja o primeiro a adicionar uma tag!
|
MARC
| LEADER | 00000naa a2200000 4500 | ||
|---|---|---|---|
| 001 | r003744 | ||
| 005 | 20221125080137.4 | ||
| 041 | 0 | |a cze | |
| 044 | |a [CS] | ||
| 245 | 1 | 0 | |a Oceňování podniků: Co by ste měli vědět než... |c R. Pernický |
| 520 | |a Dôležitou otázkou pri veľkej privatizácii je otázka oceňovania podnikov. Pri využívaní služieb firiem z tejto oblasti je dôležité venovať pozornosť nasledovným tézam: Zmysel má len "strategické ocenenie podniku", hodnota podniku sa skladá z troch častí: základná hodnota, hodnota po rekonštrukcii a hodnota synergií, hodnota podniku je rozdielna pre rôznych potenciálnych kupcov alebo partnerov, väčší prínos možno očakávať pri oceňovaní podniku poradenskými firmami špecializovanými na strategický rozvoj. | ||
| 610 | 2 | 0 | |a oceňovanie ekonomické |
| 610 | 2 | 0 | |a privatizácia |
| 610 | 2 | 0 | |a ČSFR |
| 610 | 2 | 0 | |a podnik |
| 100 | 1 | |a Pernický, R. | |